| 000 | 00992nas a2200301 4500 | ||
|---|---|---|---|
| 001 | BR0800451 | ||
| 003 | BR-BrBNA | ||
| 005 | 20231205111457.0 | ||
| 007 | ta | ||
| 008 | 230509b bl.|||p| |||| 00| 00por d | ||
| 040 |
_aBR-BrBNA _bpor _cBiblioteca Nacional de Agricultura |
||
| 041 | _a(Pt) | ||
| 072 | _aL70; L73 | ||
| 100 | 1 | _aEurides, D. | |
| 100 | 1 | _aFreitas, P.M.C. | |
| 100 | 1 | _aMota, F.C.D. | |
| 100 | 1 | _aNaves, E. de A. | |
| 100 | 1 | _aMelo, M. da S. | |
| 100 | 1 | _aBeretta, D.C. | |
| 100 | 1 | _aDaleck, C.R. | |
| 100 | 1 | _aSilva, L.A.F. da | |
| 245 | 1 | _aUtilização de prilocaína, associada com clorpromazina, no bloqueio do plexo braquial em gatos (Felis domestica) | |
| 650 | _aGATO | ||
| 650 | _aDOENÇA ANIMAL | ||
| 773 | 0 |
_tMEDVEP. Revista Científica de Medicina Veterinária. Pequenos Animais e Animais de Estimação (Brazil) _xISSN 1678-1430 _g(Jan-Mar 2006), v. 4(11) p. 20-24 _wBR0800451 |
|
| 909 |
_a202311 _bLúcia _c55 _dLúcia Elande |
||
| 942 |
_2AGRIS _n0 _cANA |
||
| 999 |
_c192960 _d192960 |
||